<?xml version="1.0" encoding="UTF-8"?>
<record
    xmlns:xsi="http://www.w3.org/2001/XMLSchema-instance"
    xsi:schemaLocation="http://www.loc.gov/MARC21/slim http://www.loc.gov/standards/marcxml/schema/MARC21slim.xsd"
    xmlns="http://www.loc.gov/MARC21/slim">

  <leader>00395    a2200133   4500</leader>
  <controlfield tag="005">20250626135217.0</controlfield>
  <datafield tag="020" ind1=" " ind2=" ">
    <subfield code="a">978-019-912962-1</subfield>
  </datafield>
  <datafield tag="082" ind1=" " ind2=" ">
    <subfield code="a">001.42  FLA</subfield>
  </datafield>
  <datafield tag="100" ind1=" " ind2=" ">
    <subfield code="a">FLANAGAN, C .</subfield>
  </datafield>
  <datafield tag="245" ind1=" " ind2=" ">
    <subfield code="a">Research Methods Companion: for A  Level Psychology</subfield>
  </datafield>
  <datafield tag="260" ind1=" " ind2=" ">
    <subfield code="a">New York,</subfield>
    <subfield code="b">Oxford University Press,</subfield>
    <subfield code="c">2012.</subfield>
  </datafield>
  <datafield tag="300" ind1=" " ind2=" ">
    <subfield code="a">159p.: ill.; picture,</subfield>
    <subfield code="b">glossary  &amp; references,</subfield>
    <subfield code="c">27cm.</subfield>
  </datafield>
  <datafield tag="942" ind1=" " ind2=" ">
    <subfield code="2">ddc</subfield>
    <subfield code="c">BKS</subfield>
  </datafield>
  <datafield tag="999" ind1=" " ind2=" ">
    <subfield code="c">5372</subfield>
    <subfield code="d">5372</subfield>
  </datafield>
  <datafield tag="952" ind1=" " ind2=" ">
    <subfield code="r">2025-06-26 13:53:43</subfield>
    <subfield code="l">0</subfield>
    <subfield code="o">001.42  FLA</subfield>
    <subfield code="p">MZA0002322</subfield>
    <subfield code="v">150000.00</subfield>
    <subfield code="w">2025-06-26</subfield>
    <subfield code="y">BKS</subfield>
    <subfield code="1">0</subfield>
    <subfield code="2">ddc</subfield>
    <subfield code="4">0</subfield>
    <subfield code="7">0</subfield>
    <subfield code="0">0</subfield>
    <subfield code="a">003</subfield>
    <subfield code="b">003</subfield>
    <subfield code="c">GEN</subfield>
    <subfield code="d">2025-06-26</subfield>
    <subfield code="e">Library Budget</subfield>
    <subfield code="g">50000.00</subfield>
  </datafield>
</record>
